Textbook for intermediate first year mathematics paper-IA : (Record no. 91968)

MARC details
000 -LEADER
fixed length control field 00548nam a22001697a 4500
005 - DATE AND TIME OF LATEST TRANSACTION
control field 20150424110612.0
010 ## - LCCN (DPL NO)
LC control number ENG-112255
020 ## - INTERNATIONAL STANDARD BOOK NUMBER
Terms of availability 335.00
International Standard Book Number 9788181801609
020 ## - INTERNATIONAL STANDARD BOOK NUMBER
Terms of availability 335.00
International Standard Book Number 8181801601
035 ## - SYSTEM CONTROL NUMBER
System control number EN-95787
037 ## - SOURCE OF ACQUISITION
Source of stock number/acquisition DBAD/PUB
245 ## - TITLE STATEMENT
Title Textbook for intermediate first year mathematics paper-IA :
Remainder of title algebra, vector algebra, trigonometry
260 ## - PUBLICATION, DISTRIBUTION, ETC. (IMPRINT)
Place of publication, distribution, etc Hyderabad
Name of publisher, distributor, etc Telugu Akademi
Date of publication, distribution, etc 2014 (repr.)
270 ## - ADDRESS
Address Telugu Akademi
City Hyderabad
Postal code 500029
300 ## - PHYSICAL DESCRIPTION
Extent 444p.
Other physical details 28cm(pbk)
942 ## - ADDED ENTRY ELEMENTS (KOHA)
Source of classification or shelving scheme Dewey Decimal Classification
Item type English Books
Call number suffix TEX
Classification part 512
Holdings
Withdrawn status Lost status Not for loan Collection code Home library Current library Date acquired Source of acquisition Cost, normal purchase price Full call number Barcode Copy number Cost, replacement price Koha item type
    Not For Loan Non-fiction D.B.Act.Division D.B.Act.Division 26/02/2015 DBAD/PUB 335.00 512 TEX EN-95787 1 335.00 English Books

© Delhi Public Library
Hit Counter
free hit counter